Statistics for Boywithuke- King of Nothing

Click here to take the quiz!

General Stats

  • This quiz has been taken 71 times
  • The average score is 200 of 245

Answer Stats

Answer% Correct
Be
100%
Bells
100%
Can
100%
Church
100%
Comes
100%
He
100%
Hear
100%
I
100%
It
100%
Ring
100%
The
100%
You
100%
Here
98%
It's
98%
King
98%
Kings
98%
Of
98%
A
96%
And
88%
As
88%
All
86%
Ash
86%
He's
86%
His
86%
Tell
86%
When
86%
Burns
84%
Hotel
84%
Me
84%
Everything
82%
Got
82%
Lost
82%
Made
82%
No
82%
Stop
82%
Talk
82%
Thoughts
82%
To
82%
With
82%
About
80%
Get
80%
How
80%
I'm
80%
Off
80%
Wanna
80%
Wants
80%
Donations
78%
In
78%
Love
78%
Nervous
78%
Not
78%
See
78%
Struggling
78%
Used
78%
What
78%
Feel
76%
Strings
76%
That
76%
Patience
73%
Singer
73%
Try
73%
Best
71%
Doesn't
71%
Felt
71%
Just
71%
Kid
71%
Manifested
71%
My
71%
Self
71%
Subplot
71%
Think
71%
We
71%
Younger
71%
Caught
69%
Had
69%
Issues
69%
Passion
69%
Poser
69%
Tried
69%
Was
69%
Back
67%
Before
67%
But
67%
Dealing
67%
Feeling
67%
Never
67%
Own
67%
Power
67%
Composure
65%
Songs
65%
Turned
65%
Wealth
65%
For
63%
Into
63%
Loner
63%
Losing
63%
Ooh
63%
Over
63%
Shot
63%
This
63%
Looking
61%
Soon
61%
Started
61%
Closure
59%
Know
59%
Life
59%
At
57%
Don't
57%
Home
57%
Loosing
57%
Rather
57%
Thousand
57%
Times
57%
Would
57%
Could
55%
Same
55%
Live
53%
Eyes
51%
Alone
49%
Laugh
49%
Hazel
45%
Your
45%

Score Distribution

Percentile by Number Answered

Percent of People with Each Score

Your Score History

You have not taken this quiz